LEADER 02720nam 2200637 a 450 001 9910781547103321 005 20230725054227.0 010 $a1-283-35378-4 010 $a9786613353788 010 $a1-61146-076-X 035 $a(CKB)2550000000073648 035 $a(EBL)815531 035 $a(OCoLC)774110531 035 $a(SSID)ssj0000551162 035 $a(PQKBManifestationID)12207233 035 $a(PQKBTitleCode)TC0000551162 035 $a(PQKBWorkID)10524314 035 $a(PQKB)10971535 035 $a(MiAaPQ)EBC815531 035 $a(Au-PeEL)EBL815531 035 $a(CaPaEBR)ebr10519558 035 $a(CaONFJC)MIL335378 035 $a(EXLCZ)992550000000073648 100 $a20110816d2011 uy 0 101 0 $aeng 135 $aur|n|---||||| 181 $ctxt 182 $cc 183 $acr 200 10$aDead masters$b[electronic resource] $ementoring and intertextuality in Samuel Johnson /$fAnthony W. Lee 210 $aBethlehem [Pa.] $cLehigh University Press ;$aLanham, Md. $cRowman & Littlefield Pub. Group$dc2011 215 $a1 online resource (263 p.) 300 $aDescription based upon print version of record. 311 $a1-61146-075-1 320 $aIncludes bibliographical references and index. 327 $aMentoring, intertextuality, and Samuel Johnson -- Johnson's symbolic mentors : Addison, Dryden, and Rambler 86 -- The poetics of gloom : Samuel Johnson as intertextual critic -- Between texts : intertextual brackets in Johnson's Shakespeare and Milton -- "Under the dominion of a name" : Johnson's Pope -- Mentoring and mimicry in Boswell. 330 $a"Dead Masters examines the dual issues of mentoring and intertextuality as an integrated phenomenon. Through a series of fresh and novel readings of Johnsonian and Boswellian texts, the book further advances our awareness of the formal complexities of Johnson's writings and the psychological substratum from which they issue"--$cProvided by publisher. 606 $aCriticism$zGreat Britain$xHistory$y18th century 606 $aMentoring of authors$zGreat Britain$xHistory$y18th century 606 $aInfluence (Literary, artistic, etc.)$xHistory$y18th century 606 $aIntertextuality 606 $aMentoring in literature 615 0$aCriticism$xHistory 615 0$aMentoring of authors$xHistory 615 0$aInfluence (Literary, artistic, etc.)$xHistory 615 0$aIntertextuality. 615 0$aMentoring in literature. 676 $a828/.609 700 $aLee$b Anthony W$096028 801 0$bMiAaPQ 801 1$bMiAaPQ 801 2$bMiAaPQ 906 $aBOOK 912 $a9910781547103321 996 $aDead masters$93693977 997 $aUNINA LEADER 01613nas 2200493-a 450 001 996398446803316 005 20230316213029.0 011 $a1758-4116 035 $a(OCoLC)37424970 035 $a(CKB)965228505005 035 $a(CONSER)---00253672- 035 $a(DE-599)ZDB2014421-0 035 $a(MiAaPQ)25915 035 $a(EXLCZ)99965228505005 100 $a19970806a19979999 s-- a 101 0 $aeng 135 $aurcnu|||||||| 181 $ctxt$2rdacontent 182 $cc$2rdamedia 183 $acr$2rdacarrier 200 10$aBusiness process management journal 210 $aBradford, England $cEmerald Group Pub.$d[1997]- 300 $aRefereed/Peer-reviewed 300 $aTitle from issue table of contents (Emerald, viewed Aug. 26, 2004). 311 $a1463-7154 606 $aIndustrial management$vPeriodicals 606 $aReengineering (Management)$vPeriodicals 606 $aTotal quality management$vPeriodicals 606 $aIndustrial management$2fast$3(OCoLC)fst00971246 606 $aReengineering (Management)$2fast$3(OCoLC)fst01092359 606 $aTotal quality management$2fast$3(OCoLC)fst01153015 608 $aPeriodicals.$2fast 610 $aManagement Theory 615 0$aIndustrial management 615 0$aReengineering (Management) 615 0$aTotal quality management 615 7$aIndustrial management. 615 7$aReengineering (Management) 615 7$aTotal quality management. 676 $a658.4063 906 $aJOURNAL 912 $a996398446803316 996 $aBusiness process management journal$91759205 997 $aUNISA